| 000 | 00404nam a22001217a 4500 | ||
|---|---|---|---|
| 999 |
_c96 _d96 |
||
| 005 | 20200811152041.0 | ||
| 008 | 200807b ||||| |||| 00| 0 eng d | ||
| 020 | _a0710077300 | ||
| 040 | _cCML | ||
| 245 |
_aAfter Polygamy Was Made a Sin The Social History of Christian Polygamy. _cCairncross, J. |
||
| 260 |
_aLondon _bRoutledge and Kegan Paul _c1974 |
||
| 942 |
_2ddc _cBK _e1st Edtion _h261 _mGKI |
||